| 000 | 00526nam a2200181Ia 4500 | ||
|---|---|---|---|
| 003 | GCL | ||
| 008 | 140319s9999 xx 000 0 ara d | ||
| 040 |
_aGCL / _cGCL |
||
| 082 | 0 | 4 |
_a927 _bص م |
| 100 | 1 | _aصلاح حافظ | |
| 245 | 1 | 0 |
_aمذكرات شارلى شابلن (هدية من مكتبة... / _cصلاح حافظ |
| 300 | _a255 | ||
| 490 |
_aكتاب الهلال _v0 |
||
| 650 | 0 | 4 | _aشارلى شابلن |
| 650 | 0 | 4 | _aالرجال - تراجم |
| 650 | 0 | 4 | _aالفنانون - تراجم |
| 942 |
_2ddc _cBK |
||
| 999 |
_c46734 _d46734 |
||